000 00307nam a22001337a 4500
008 170907b xxu||||| |||| 00| 0 eng d
020 _a9780131134973
041 _aeng
080 _a72
100 _a41
101 _aARK
245 _aAUTODEKS ARCHITECTURAL DESKTOP 2004
_cGOLDBERG, H.E
942 _2udc
_cBK
999 _c26466
_d26466